Gestión de empresas. Sector Primario (Registro nro. 4522)

Detalles MARC
000 -LEADER
fixed length control field 01358 a2200349 4500
001 - CONTROL NUMBER
control field 48015
005 - DATE AND TIME OF LATEST TRANSACTION
control field 20260407155746.0
008 - FIXED-LENGTH DATA ELEMENTS--GENERAL INFORMATION
fixed length control field 260407a2018 arg spa d
003 - CONTROL NUMBER IDENTIFIER
control field AR-UNSa-BCEJYS
040 ## - CATALOGING SOURCE
Original cataloging agency AR-UNSa-BCEJYS
Language of cataloging spa
Transcribing agency AR-UNSa-BCEJYS
080 ## - UNIVERSAL DECIMAL CLASSIFICATION NUMBER
Universal Decimal Classification number 658.012.32
Common auxiliary subdivision Formas de organización, de gestión
041 ## - LANGUAGE CODE
Language code of text/sound track or separate title spa
100 1# - MAIN ENTRY--PERSONAL NAME
Personal name Yardin, Amaro Ramón
245 10 - TITLE STATEMENT
Title Gestión de empresas. Sector Primario
264 #1 - PRODUCTION, PUBLICATION, DISTRIBUTION, MANUFACTURE, AND COPYRIGHT NOTICE
Place of production, publication, distribution, manufacture Buenos Aires :
Name of producer, publisher, distributor, manufacturer Osmar D. Buyatti
Date of production, publication, distribution, manufacture, or copyright notice 2018
300 ## - PHYSICAL DESCRIPTION
Extent 312 p.
Dimensions 22 cm.
505 ## - FORMATTED CONTENTS NOTE
Formatted contents note 1. Gestión de empresas agropecuarias - 2. Gestión de empresas avícolas - 3. Gestión de empresas citrícolas - 4. Gestión de empresas frutícolas - 5. Gestión de empresas mineras - 6. Gestión de empresas ganaderas ovinas - 7. Gestión de empresas tamberas.
590 ## - LOCAL NOTE (RLIN)
Local note niveau_biblio:m niveau_hierar:0
700 1# - ADDED ENTRY--PERSONAL NAME
Personal name Rudi, Enrique Roberto
700 1# - ADDED ENTRY--PERSONAL NAME
Personal name Marchione, Julio César
700 1# - ADDED ENTRY--PERSONAL NAME
Personal name Sota, Aldo Mario
700 1# - ADDED ENTRY--PERSONAL NAME
Personal name Sota, Gustavo Ariel
700 1# - ADDED ENTRY--PERSONAL NAME
Personal name Durán, Regina
700 1# - ADDED ENTRY--PERSONAL NAME
Personal name Pesce, Gabriela
700 1# - ADDED ENTRY--PERSONAL NAME
Personal name Scoponi, Liliana Marcela
700 1# - ADDED ENTRY--PERSONAL NAME
Personal name Rodríguez, Roberto Mario
700 1# - ADDED ENTRY--PERSONAL NAME
Personal name Kuster, Christian
700 1# - ADDED ENTRY--PERSONAL NAME
Personal name Cartier, Enrique Nicolás
700 1# - ADDED ENTRY--PERSONAL NAME
Personal name Cartier, Juan Enrique
856 41 - ELECTRONIC LOCATION AND ACCESS
Uniform Resource Identifier <a href="https://www.biblioeco.unsa.edu.ar/pmb/images/libros/L127728.jpg">https://www.biblioeco.unsa.edu.ar/pmb/images/libros/L127728.jpg</a>
Link text Imagen de portada
Electronic format type image/jpeg
942 ## - ADDED ENTRY ELEMENTS (KOHA)
Koha item type
Existencias
Withdrawn status Lost status Damaged status Not for loan Home library Current library Shelving location Date acquired Total checkouts Full call number Barcode Date last seen Price effective from Koha item type
        Biblioteca Prof. Eusebio Cleto del Rey Biblioteca Prof. Eusebio Cleto del Rey   07/04/2026   658.012.32 Y27r L127728 07/04/2026 07/04/2026 Libro
        Biblioteca Prof. Eusebio Cleto del Rey Biblioteca Prof. Eusebio Cleto del Rey   07/04/2026   658.012.32 Y27r L127729 07/04/2026 07/04/2026 Libro
        Biblioteca Prof. Eusebio Cleto del Rey Biblioteca Prof. Eusebio Cleto del Rey   07/04/2026   658.012.32 Y27r L127730 07/04/2026 07/04/2026 Libro